000 00348nam a2200133Ia 4500
008 210210b1977 xxu||||| |||| 00| 0 eng d
082 _a954.01 SHAA
100 _aSHARMA (Ram Sharan).
245 _aAncient India.
260 _aNew Delhi.
_bEurasia Publishing House (Pvt) Ltd.,
_c1977
300 _a185
690 _aIndian History
906 _a034164
999 _c84439
_d84439